000 00774nam a2200253 a 4500
001 25553
003 CO-ViMGA
008 141112s2004 ck r 000 u spa d
020 _a9789587582383
040 _aCO-ViMGA
_bspa
_cCO-ViMGA
041 _aSPA
090 _aC MON19
245 1 0 _aLa mona risa :
_blos mejores relatos de humor /
_cselección y prólogo de Luis María Pescetti
250 _a2a ed.
260 _aBogotá :
_bAlfaguara,
_c2013
300 _a210 p.
500 _aIncluye índice. Incluye referencias biográficas de los autores
650 1 4 _aCUENTOS - COLECCIONES
_919715
650 1 4 _aHUMOR - CUENTO
_939048
650 1 4 _aHUMORISMO
650 1 4 _aMUJERES - CUENTO
_939049
700 1 _aPescetti, Luis María, 1958 -
_939050
942 _2ddc
_cBK
999 _c5132
_d5132